000 00298nam a22001337a 4500
008 170930b xxu||||| |||| 00| 0 eng d
020 _a9781111346911
041 _aeng
080 _a37
100 _a47
101 _aEDU
245 _aBASICS OF RESEARCH METHODS
_cMAXFIELD, M.G
942 _2udc
_cBK
999 _c30899
_d30899